Rzymskie liczby 1-100 - Statystyki

Ogólne statystyki
  • Ten quiz został rozwiązany 62 razy
  • Średni wynik to 60 z 100
Statystyki odpowiedzi
Odpowiedź % Poprawnych
I
100%
II
100%
III
100%
IV
100%
V
98%
VI
98%
VII
98%
VIII
98%
X
98%
IX
96%
XI
96%
XV
96%
XVI
96%
XVII
96%
XII
94%
XIII
94%
XIV
94%
XIX
94%
XVIII
94%
XX
94%
XXI
92%
XXII
92%
XXIII
92%
XXIV
90%
XXIX
88%
XXV
88%
XXVI
88%
XXVII
88%
XXVIII
88%
XXX
88%
XXXI
86%
XXXII
80%
XXXIII
80%
XXXIV
80%
XXXV
80%
XXXVI
80%
XXXVII
80%
XXXVIII
76%
L
72%
XXXIX
72%
XL
70%
XLI
68%
XLII
66%
XLIII
66%
XLIV
66%
LI
64%
LII
64%
XLV
64%
XLVI
62%
XLVII
62%
LIII
60%
LIV
60%
LV
60%
LVI
60%
LVII
60%
LX
60%
XLVIII
60%
LVIII
58%
XLIX
56%
LXI
52%
LXII
46%
LXIII
46%
LXIV
44%
LXV
42%
LXVI
42%
LXX
42%
C
40%
LXIX
40%
LXVII
40%
LIX
38%
LXVIII
38%
LXXI
34%
LXXII
34%
LXXIII
32%
LXXX
32%
XC
32%
LXXIV
28%
LXXV
28%
LXXVI
28%
LXXIX
26%
LXXVII
26%
LXXVIII
26%
LXXXI
22%
LXXXII
22%
LXXXIII
22%
XCI
22%
LXXXIV
20%
LXXXIX
20%
LXXXV
20%
LXXXVI
20%
LXXXVII
20%
LXXXVIII
20%
XCII
18%
XCIII
18%
XCIV
18%
XCV
18%
XCVI
18%
XCVII
18%
XCVIII
18%
XCIX
16%
Nie znaleziono quizów pasujących do podanych kryteriów
Rozkład punktacji
Procent ludzi z każdym wynikiem
Percentyl według liczby udzielonych odpowiedzi
Twoja historia wyników
Nie rozwiązałeś tego quizu